Suministro de energía eléctrica con páneles solares individuales (Registro nro. 2515)
[ vista simple ]
| 000 -LEADER | |
|---|---|
| campo de control de longitud fija | 02069nam a22003617a 4500 |
| 001 - NÚMERO DE CONTROL | |
| campo de control | 42835 |
| 003 - IDENTIFICADOR DE NÚMERO DE CONTROL | |
| campo de control | gtgccic |
| 005 - FECHA Y HORA DE LA ÚLTIMA TRANSACCIÓN | |
| campo de control | 20251107155807.0 |
| 007 - CAMPO FIJO DE DESCRIPCIÓN FÍSICA--INFORMACIÓN GENERAL | |
| campo de control de longitud fija | ta |
| 008 - DATOS DE LONGITUD FIJA--INFORMACIÓN GENERAL | |
| campo de control de longitud fija | 251107b gt ||||| |||| 00| 0 spa d |
| 040 ## - FUENTE DE CATALOGACIÓN | |
| Centro catalogador/agencia de origen | gtgccic |
| Lengua de catalogación | spa |
| Centro/agencia transcriptor | gtgccic |
| Normas de descripción | rda |
| 084 ## - OTRO NÚMERO DE CLASIFICACIÓN | |
| Número de control del registro de autoridad o número normalizado | TPI-16-107 |
| 100 10 - ENTRADA PRINCIPAL--NOMBRE DE PERSONA | |
| Nombre de persona | Benedicto Estuardo Martínez Guerra |
| Fechas asociadas al nombre | Ingeniero Industrial |
| Término indicativo de función/relación | autor |
| 245 10 - MENCIÓN DEL TÍTULO | |
| Título | Suministro de energía eléctrica con páneles solares individuales |
| Resto del título | a la aldea Searranx, Livingston, Izabal / |
| Mención de responsabilidad, etc. | Martínez Guerra, Benedicto Estuardo |
| 264 #1 - PRODUCCIÓN, PUBLICACIÓN, DISTRIBUCIÓN, FABRICACIÓN Y COPYRIGHT | |
| Producción, publicación, distribución, fabricación y copyright | Guatemala, Guatemala : |
| Nombre del de productor, editor, distribuidor, fabricante | USAC, Facultad de Ingeniería ; |
| Fecha de producción, publicación, distribución, fabricación o copyright | 2016.- |
| 300 ## - DESCRIPCIÓN FÍSICA | |
| Extensión | xxii, 124 p. : |
| Otras características físicas | il. ; |
| Dimensiones | 27 cm |
| 336 ## - TIPO DE CONTENIDO | |
| Fuente | rdacontenido |
| Término de tipo de contenido | Texto |
| Código de tipo de contenido | txt |
| 337 ## - TIPO DE MEDIO | |
| Fuente | rdamedio |
| Nombre/término del tipo de medio | sin mediación |
| Código del tipo de medio | n |
| 338 ## - TIPO DE SOPORTE | |
| Fuente | rdasoporte |
| Nombre/término del tipo de soporte | volumen |
| Código del tipo de soporte | nc |
| 502 ## - NOTA DE TESIS | |
| Nota de tesis | Tesis Postgrado |
| Tipo de título | MAESTRO EN ENERGÍA Y AMBIENTE |
| Nombre de la institución que otorga el título | USAC, Facultad de Ingeniería, Escuela de Postgrado |
| Año de obtención del título | 2016 |
| Identificador de la tesis | TPI-16-0107 |
| 504 ## - NOTA DE BIBLIOGRAFÍA, ETC. | |
| Nota de bibliografía, etc. Nota | Bibliografía pag. 65 |
| 505 ## - NOTA DE CONTENIDO CON FORMATO | |
| Título | 1. SISTEMA ELÉCTRICO NACIONAL |
| 505 ## - NOTA DE CONTENIDO CON FORMATO | |
| Título | 2. COBERTURA ELÉCTRICA EN GUATEMALA |
| 505 ## - NOTA DE CONTENIDO CON FORMATO | |
| Título | 3. GENERACIÓN ELÉCTRICA EN GUATEMALA |
| 505 ## - NOTA DE CONTENIDO CON FORMATO | |
| Título | 4. PRESENTACIÓN DE RESULTADOS |
| 505 ## - NOTA DE CONTENIDO CON FORMATO | |
| Título | 5. DISCUSIÓN DE RESULTADOS |
| 520 #3 - RESUMEN, ETC. | |
| Sumario, etc. | El presente trabajo se plantea bajo el interés de electrificar la aldea Searranx, municipio de Livingston en el departamento de Izabal. Lo lejano que se encuentra la comunidad de otros lugares que cuentan con servicio eléctrico, hace necesario pensar en una forma distinta de dotarlos del servicio, ya que hacerlo de la forma convencional con líneas y redes eléctricas supone una inversión muy alta que torna imposible su ejecución. El planteamiento de este trabajo consiste en evaluar si la región en estudio tiene las condiciones meteorológicas para generar electricidad, por medio de paneles solares y su capacidad de suplir en forma individual los requerimientos de cada vivienda. |
| 650 ## - PUNTO DE ACCESO ADICIONAL DE MATERIA--TÉRMINO DE MATERIA | |
| Término de materia o nombre geográfico como elemento de entrada | ENERGÍA ELÉCTRICA |
| 650 ## - PUNTO DE ACCESO ADICIONAL DE MATERIA--TÉRMINO DE MATERIA | |
| Término de materia o nombre geográfico como elemento de entrada | SOLARES Y SRVICIOS |
| 700 ## - ENTRADA AGREGADA--NOMBRE PERSONAL | |
| Nombre de persona | M.Sc. Juan Carlos Fuentes Montepeque |
| Término indicativo de función/relación | asesor |
| 942 ## - ELEMENTOS DE ENTRADA SECUNDARIOS (KOHA) | |
| Fuente de la clasificación o esquema de estantería | Clasificación Decimal Dewey |
| Tipo de ítem Koha | TESISPOSTGRADO |
| 945 ## - PROCESAMIENTO DE INFORMACIÓN LOCAL (OCLC) | |
| a | amlo |
| Estatus retirado | Estado de pérdida | Fuente de la clasificación o esquema de estantería | Estado de daño | No para préstamo | Biblioteca de origen | Biblioteca actual | Fecha de adquisición | Número de inventario | Total de préstamos | Signatura topográfica completa | Código de barras | Visto por última vez | Precio de reemplazo | Tipo de ítem Koha | Nota pública |
|---|---|---|---|---|---|---|---|---|---|---|---|---|---|---|---|
| Clasificación Decimal Dewey | CENTRO DE INFORMACIÓN A LA CONSTRUCCIÓN-CICON | CENTRO DE INFORMACIÓN A LA CONSTRUCCIÓN-CICON | 07/11/2025 | P20160107 | TPI-16-0107 | 20160107 | 07/11/2025 | 07/11/2025 | TESISPOSTGRADO | disponible |